[Event "FICGS rapid M 000145 email"]
[Site "FICGS email"]
[Date "2023.04.05"]
[Round "1"]
[White "Duttagupta, Aniruddha"]
[Black "Detchin, Yra"]
[Result "1/2-1/2"]
[WhiteElo "2235"]
[BlackElo "2181"]
[PlyCount "54"]
[EventDate "2023.??.??"]
[EventType "tourn (rapid)"]
[EventRounds "6"]
[SourceTitle "Corr 2024"]
[Source "ChessBase"]
[SourceDate "2023.10.19"]
[SourceVersion "1"]
[SourceVersionDate "2023.10.19"]
[SourceQuality "1"]

1. d4 Nf6 2. c4 e6 3. Nc3 Bb4 4. f3 c5 5. d5 d6 6. e4 b5 7. Nge2 bxc4 8. Nf4 e5 9. Nfe2 Nbd7 10. Ng3 Nb6 11. Be2 Ng8 12. f4 exf4 13. Bxf4 Ne7 14. Qc1 Ng6 15. 0-0 Bxc3 16. Qxc3 Nxf4 17. Rxf4 0-0 18. Nh5 Qg5 19. h4 Qe5 20. Qxe5 dxe5 21. Rf2 f5 22. Ng3 fxe4 23. Rxf8+ Kxf8 24. d6 Ke8 25. Nxe4 Bf5 26. Nxc5 Rc8 27. Nb7 Kd7 1/2-1/2

[Event "FICGS rapid M 000145 email"]
[Site "FICGS email"]
[Date "2023.04.05"]
[Round "1"]
[White "Maceda, Coco"]
[Black "Duttagupta, Aniruddha"]
[Result "1/2-1/2"]
[WhiteElo "2233"]
[BlackElo "2235"]
[PlyCount "62"]
[EventDate "2023.??.??"]
[EventType "tourn (rapid)"]
[EventRounds "6"]
[SourceTitle "Corr 2024"]
[Source "ChessBase"]
[SourceDate "2023.10.19"]
[SourceVersion "1"]
[SourceVersionDate "2023.10.19"]
[SourceQuality "1"]

1. e4 e5 2. Nc3 Nf6 3. Nf3 Nc6 4. Bb5 Nd4 5. Nxd4 exd4 6. e5 dxc3 7. exf6 Qxf6 8. dxc3 Bc5 9. Qe2+ Qe6 10. 0-0 Qxe2 11. Bxe2 d6 12. Bf3 0-0 13. Re1 a5 14. Bd2 c6 15. a4 d5 16. h3 h6 17. Rac1 Rd8 18. g4 f5 19. g5 f4 20. gxh6 Bxh3 21. b4 axb4 22. cxb4 Bf8 23. a5 Rd6 24. hxg7 Bxg7 25. Kh2 Rh6 26. Bxf4 Rh7 27. Kg3 Rf8 28. Bd6 Rf6 29. Re8+ Kf7 30. Re7+ Kg8 31. Re8+ Kf7 1/2-1/2

[Event "FICGS rapid M 000144 email"]
[Site "FICGS email"]
[Date "2023.03.24"]
[Round "1"]
[White "Javier, Christian"]
[Black "Duttagupta, Aniruddha"]
[Result "1/2-1/2"]
[WhiteElo "2250"]
[BlackElo "2235"]
[PlyCount "68"]
[EventDate "2023.??.??"]
[EventType "tourn (rapid)"]
[EventRounds "6"]
[SourceTitle "Corr 2024"]
[Source "ChessBase"]
[SourceDate "2023.10.19"]
[SourceVersion "1"]
[SourceVersionDate "2023.10.19"]
[SourceQuality "1"]

1. e4 c6 2. Nf3 d5 3. e5 Bf5 4. Be2 e6 5. d4 c5 6. Be3 cxd4 7. Nxd4 Ne7 8. Nd2 Nbc6 9. N2f3 Be4 10. 0-0 a6 11. Rc1 Rc8 12. c4 Nxd4 13. Nxd4 dxc4 14. Bxc4 Bd5 15. b3 h6 16. h4 g6 17. h5 g5 18. Qg4 Bg7 19. Rcd1 Qd7 20. Nf3 b5 21. Bd3 Qb7 22. Bd4 Nc6 23. Bb2 0-0 24. Rde1 Rfd8 25. Bb1 Qe7 26. Nh2 Qc5 27. Re3 Rc7 28. Rfe1 Rcd7 29. Rd3 Nb4 30. Rc3 Qe7 31. Ba3 a5 32. Qe2 Bb7 33. Ng4 Rd4 34. Rcc1 Qd7 1/2-1/2

[Event "FICGS class M 000118 email"]
[Site "FICGS email"]
[Date "2023.02.06"]
[Round "1"]
[White "Duttagupta, Aniruddha"]
[Black "Ozen, Bahadir"]
[Result "1/2-1/2"]
[WhiteElo "2233"]
[BlackElo "2248"]
[PlyCount "40"]
[EventDate "2023.??.??"]
[EventType "tourn (corr)"]
[EventRounds "6"]
[SourceTitle "Corr 2024"]
[Source "ChessBase"]
[SourceDate "2023.10.19"]
[SourceVersion "1"]
[SourceVersionDate "2023.10.19"]
[SourceQuality "1"]

1. e4 c5 2. Nf3 d6 3. Bb5+ Bd7 4. Bxd7+ Qxd7 5. c4 Nc6 6. d4 cxd4 7. Nxd4 Nf6 8. Nc3 g6 9. f3 Bg7 10. Be3 0-0 11. 0-0 a6 12. a4 e6 13. Nxc6 bxc6 14. a5 Qe7 15. Na4 Nd7 16. Rb1 c5 17. Qd2 Ne5 18. Nb6 Rad8 19. b4 cxb4 20. Qxb4 f5 1/2-1/2

[Event "FICGS class M 000117 email"]
[Site "FICGS email"]
[Date "2023.02.01"]
[Round "1"]
[White "Cirulis, Ilmars"]
[Black "Duttagupta, Aniruddha"]
[Result "0-1"]
[WhiteElo "2240"]
[BlackElo "2233"]
[PlyCount "42"]
[EventDate "2023.??.??"]
[EventType "tourn (corr)"]
[EventRounds "6"]
[SourceTitle "Corr 2024"]
[Source "ChessBase"]
[SourceDate "2023.10.19"]
[SourceVersion "1"]
[SourceVersionDate "2023.10.19"]
[SourceQuality "1"]

1. f4 d5 2. d4 Nf6 3. e3 Bf5 4. Nf3 e6 5. c3 Bd6 6. b3 0-0 7. Bd3 c5 8. 0-0 Nc6 9. Bxf5 exf5 10. Qd3 cxd4 11. exd4 g6 12. Ne5 Rc8 13. Nd2 Qa5 14. Bb2 Rfd8 15. a4 Qc7 16. Rae1 Qb6 17. Qb5 Qc7 18. Re2 Ne4 19. Nxe4 dxe4 20. Ref2 h5 21. g3 a6 0-1

[Event "FICGS rapid M 000141 email"]
[Site "FICGS email"]
[Date "2023.01.17"]
[Round "1"]
[White "Duttagupta, Aniruddha"]
[Black "Swiatek, Janusz"]
[Result "1/2-1/2"]
[WhiteElo "2233"]
[BlackElo "2199"]
[PlyCount "40"]
[EventDate "2023.??.??"]
[EventType "tourn (rapid)"]
[EventRounds "6"]
[SourceTitle "Corr 2024"]
[Source "ChessBase"]
[SourceDate "2023.10.19"]
[SourceVersion "1"]
[SourceVersionDate "2023.10.19"]
[SourceQuality "1"]

1. d4 d5 2. c4 e6 3. Nc3 Nf6 4. cxd5 exd5 5. Bg5 c6 6. e3 h6 7. Bh4 Be7 8. Bd3 0-0 9. Nge2 Nbd7 10. Qc2 Re8 11. 0-0 a5 12. f3 b5 13. Bf2 Ba6 14. Ng3 b4 15. Bxa6 Rxa6 16. Na4 c5 17. Rac1 cxd4 18. exd4 Bf8 19. Rfe1 Rxe1+ 20. Bxe1 Re6 1/2-1/2

[Event "FICGS rapid M 000141 email"]
[Site "FICGS email"]
[Date "2023.01.17"]
[Round "1"]
[White "Javier, Christian"]
[Black "Duttagupta, Aniruddha"]
[Result "1/2-1/2"]
[WhiteElo "2204"]
[BlackElo "2233"]
[PlyCount "66"]
[EventDate "2023.??.??"]
[EventType "tourn (rapid)"]
[EventRounds "6"]
[SourceTitle "Corr 2024"]
[Source "ChessBase"]
[SourceDate "2023.10.19"]
[SourceVersion "1"]
[SourceVersionDate "2023.10.19"]
[SourceQuality "1"]

1. d4 Nf6 2. c4 g6 3. Nc3 d5 4. Nf3 Bg7 5. h4 c6 6. cxd5 cxd5 7. Bf4 Nc6 8. e3 0-0 9. Be2 Bg4 10. Qb3 Qd7 11. Ne5 Nxe5 12. dxe5 Ne4 13. f3 Nxc3 14. Qxc3 Rfc8 15. Qd4 Bf5 16. g4 Bc2 17. Kf2 Rc7 18. h5 e6 19. Kg3 Qe7 20. hxg6 Bxg6 21. Rad1 Rac8 22. Bd3 a5 23. a3 Rc5 24. Bh6 Bxh6 25. Rxh6 Rc1 26. Rdh1 Rxh1 27. Rxh1 Kg7 28. f4 Bxd3 29. Qxd3 h6 30. f5 exf5 31. Qxf5 Rc4 32. Rh5 Rc6 33. Qf4 Qe6 1/2-1/2

[Event "FICGS rapid M 000140 email"]
[Site "FICGS email"]
[Date "2022.12.29"]
[Round "1"]
[White "Duttagupta, Aniruddha"]
[Black "Armstrong, Keith"]
[Result "1/2-1/2"]
[WhiteElo "2206"]
[BlackElo "2242"]
[PlyCount "59"]
[EventDate "2022.??.??"]
[EventType "tourn (rapid)"]
[EventRounds "6"]
[SourceTitle "Corr 2024"]
[Source "ChessBase"]
[SourceDate "2023.10.19"]
[SourceVersion "1"]
[SourceVersionDate "2023.10.19"]
[SourceQuality "1"]

1. c4 e5 2. Nc3 Nf6 3. Nf3 Nc6 4. e3 Bb4 5. Qc2 Bxc3 6. Qxc3 Qe7 7. a3 d5 8. d4 e4 9. Ne5 Nxe5 10. dxe5 Ng4 11. cxd5 0-0 12. b4 Qh4 13. g3 Qh5 14. Be2 Qf5 15. Bxg4 Qxg4 16. Bb2 c6 17. h3 Qf3 18. Rg1 cxd5 19. e6 f6 20. e7 Re8 21. g4 Bd7 22. Qc5 Kh8 23. Rg3 Qh1+ 24. Ke2 Qh2 25. g5 Rac8 26. gxf6 Rxc5 27. bxc5 Bb5+ 28. Ke1 Qh1+ 29. Kd2 Qh2 30. Ke1 1/2-1/2

[Event "FICGS rapid M 000140 email"]
[Site "FICGS email"]
[Date "2022.12.29"]
[Round "1"]
[White "Duttagupta, Aniruddha"]
[Black "Ozen, Bahadir"]
[Result "1/2-1/2"]
[WhiteElo "2206"]
[BlackElo "2252"]
[PlyCount "44"]
[EventDate "2022.??.??"]
[EventType "tourn (rapid)"]
[EventRounds "6"]
[SourceTitle "Corr 2024"]
[Source "ChessBase"]
[SourceDate "2023.10.19"]
[SourceVersion "1"]
[SourceVersionDate "2023.10.19"]
[SourceQuality "1"]

1. c4 e6 2. d4 d5 3. Nc3 c6 4. e4 dxe4 5. Nxe4 Bb4+ 6. Bd2 Qxd4 7. Bxb4 Qxe4+ 8. Be2 Na6 9. Bd6 Qxg2 10. Qd2 Nf6 11. Bf3 Qg6 12. 0-0-0 e5 13. Bxe5 Be6 14. Ne2 Qf5 15. Bf4 Qc5 16. Nc3 Qxc4 17. Be2 Qb4 18. Rhg1 Nd5 19. Nxd5 cxd5 20. Bxa6 Qxd2+ 21. Kxd2 bxa6 22. Rxg7 Rc8 1/2-1/2

[Event "FICGS rapid M 000140 email"]
[Site "FICGS email"]
[Date "2022.12.29"]
[Round "1"]
[White "Duttagupta, Aniruddha"]
[Black "Perevozchikov, Vjacheslav"]
[Result "1/2-1/2"]
[WhiteElo "2206"]
[BlackElo "2253"]
[PlyCount "85"]
[EventDate "2022.??.??"]
[EventType "tourn (rapid)"]
[EventRounds "6"]
[SourceTitle "Corr 2024"]
[Source "ChessBase"]
[SourceDate "2023.10.19"]
[SourceVersion "1"]
[SourceVersionDate "2023.10.19"]
[SourceQuality "1"]

1. c4 e5 2. Nc3 Nf6 3. Nf3 Nc6 4. e3 Bb4 5. Qc2 Bxc3 6. Qxc3 Qe7 7. a3 a5 8. b3 d5 9. cxd5 Nxd5 10. Qc2 e4 11. Ng1 0-0 12. Ne2 Ndb4 13. axb4 Nxb4 14. Qc3 Nd3+ 15. Kd1 Nxf2+ 16. Kc2 Nxh1 17. Ba3 Qd8 18. Bxf8 Kxf8 19. Nd4 Nf2 20. Rxa5 Rxa5 21. Qxa5 Ng4 22. Nb5 Nxh2 23. Nxc7 Kg8 24. Bc4 Ng4 25. b4 Bd7 26. Kc3 h5 27. Nd5 Qxa5 28. bxa5 Ne5 29. Nb4 Nxc4 30. Kxc4 g5 31. Kc5 h4 32. Kb6 f5 33. Kxb7 Bb5 34. Nd5 Kf7 35. Kb6 Bf1 36. a6 Bxa6 37. Kxa6 Ke6 38. Nc3 Ke5 39. Kb5 f4 40. exf4+ gxf4 41. Kc4 f3 42. gxf3 h3 43. Nxe4 1/2-1/2

[Event "FICGS class M 000114 email"]
[Site "FICGS email"]
[Date "2022.11.30"]
[Round "1"]
[White "Duttagupta, Aniruddha"]
[Black "Broekhuizen, A T S"]
[Result "1/2-1/2"]
[WhiteElo "2206"]
[BlackElo "2230"]
[PlyCount "109"]
[EventDate "2022.??.??"]
[EventType "tourn (corr)"]
[EventRounds "6"]
[SourceTitle "Corr 2024"]
[Source "ChessBase"]
[SourceDate "2023.10.19"]
[SourceVersion "1"]
[SourceVersionDate "2023.10.19"]
[SourceQuality "1"]

1. c4 c5 2. Nf3 Nf6 3. Nc3 d5 4. cxd5 Nxd5 5. e3 e6 6. Bc4 Be7 7. 0-0 0-0 8. d4 cxd4 9. exd4 Nxc3 10. bxc3 Qc7 11. Qe2 Nd7 12. Bd3 Qxc3 13. Rb1 Qc7 14. Bd2 Nf6 15. Rfc1 Qd8 16. Ne5 a5 17. a4 Ra7 18. Rc4 Ra8 19. Rb5 Nd5 20. Bxh7+ Kxh7 21. Rb3 Kg8 22. Rh3 f6 23. Ng6 Qb6 24. Rc1 Bd6 25. Rh8+ Kf7 26. Rh7 Rg8 27. Qh5 Ke8 28. Ne5+ g6 29. Qh3 Be7 30. Nxg6 Rxg6 31. Qh5 Kd7 32. Qxg6 Qb2 33. Bh6 b5 34. Re1 bxa4 35. Bf8 Qd2 36. Qe4 Ra6 37. Bxe7 Nxe7 38. d5 Kd6 39. dxe6 Rb6 40. Rf1 Rb4 41. Qf3 Nd5 42. Qg3+ Rf4 43. e7 Bd7 44. h3 Be8 45. Rh8 Kd7 46. Qg7 Nc7 47. g3 Re4 48. Qxf6 Re1 49. Rxe1 Qxe1+ 50. Kh2 a3 51. Rh4 Kc8 52. Rc4 Kb7 53. Qf3+ Kb6 54. Re4 Qb1 55. Rc4 1/2-1/2

[Event "FICGS class M 000114 email"]
[Site "FICGS email"]
[Date "2022.11.30"]
[Round "1"]
[White "Ozen, Bahadir"]
[Black "Duttagupta, Aniruddha"]
[Result "1/2-1/2"]
[WhiteElo "2252"]
[BlackElo "2206"]
[PlyCount "39"]
[EventDate "2022.??.??"]
[EventType "tourn (corr)"]
[EventRounds "6"]
[SourceTitle "Corr 2024"]
[Source "ChessBase"]
[SourceDate "2023.10.19"]
[SourceVersion "1"]
[SourceVersionDate "2023.10.19"]
[SourceQuality "1"]

1. Nf3 d5 2. d4 Nf6 3. c4 c6 4. Nc3 e6 5. Bg5 h6 6. Bxf6 Qxf6 7. e3 Nd7 8. Be2 dxc4 9. 0-0 Bd6 10. Nd2 Bc7 11. Nxc4 Qe7 12. Rc1 0-0 13. Qc2 Rd8 14. Rfd1 Nf6 15. Ne5 Bd7 16. Nxd7 Qxd7 17. Na4 Qe7 18. Nc5 Bd6 19. Nd3 g6 20. g3 1/2-1/2

[Event "FICGS class M 000114 email"]
[Site "FICGS email"]
[Date "2022.11.30"]
[Round "1"]
[White "Perevozchikov, Vjacheslav"]
[Black "Duttagupta, Aniruddha"]
[Result "1/2-1/2"]
[WhiteElo "2253"]
[BlackElo "2206"]
[PlyCount "76"]
[EventDate "2022.??.??"]
[EventType "tourn (corr)"]
[EventRounds "6"]
[SourceTitle "Corr 2024"]
[Source "ChessBase"]
[SourceDate "2023.10.19"]
[SourceVersion "1"]
[SourceVersionDate "2023.10.19"]
[SourceQuality "1"]

1. Nf3 d5 2. d4 Nf6 3. c4 e6 4. cxd5 exd5 5. Bf4 Be7 6. e3 Nh5 7. g3 Nxf4 8. gxf4 Nd7 9. Nc3 Nf6 10. Ne5 0-0 11. Bd3 c5 12. Qf3 cxd4 13. exd4 Bb4 14. 0-0 g6 15. Rfe1 Nh5 16. f5 Qh4 17. Re3 Qxd4 18. Nxd5 Bd6 19. Ng4 Kh8 20. Rd1 Qxb2 21. Be4 gxf5 22. Bxf5 Qg7 23. Re4 Bxf5 24. Qxf5 Rad8 25. Nde3 Qg6 26. Red4 Bc7 27. Rd7 Rxd7 28. Rxd7 Bf4 29. Rxb7 Rg8 30. Qxg6 Rxg6 31. Kf1 f5 32. Rb5 fxg4 33. Rxh5 Bxe3 34. fxe3 Ra6 35. Kf2 Rxa2+ 36. Kg3 Ra4 37. Rd5 Kg7 38. Kh4 Ra2 1/2-1/2

[Event "FICGS class M 000113 email"]
[Site "FICGS email"]
[Date "2022.11.08"]
[Round "1"]
[White "Duttagupta, Aniruddha"]
[Black "Nimylovych, Taras"]
[Result "1/2-1/2"]
[WhiteElo "2206"]
[BlackElo "2227"]
[PlyCount "80"]
[EventDate "2022.??.??"]
[EventType "tourn (corr)"]
[EventRounds "6"]
[SourceTitle "Corr 2024"]
[Source "ChessBase"]
[SourceDate "2023.10.19"]
[SourceVersion "1"]
[SourceVersionDate "2023.10.19"]
[SourceQuality "1"]

1. d4 Nf6 2. c4 e6 3. Nc3 Bb4 4. Qc2 0-0 5. e4 d5 6. e5 Ne4 7. Bd3 c5 8. Nf3 cxd4 9. Nxd4 Nd7 10. Bf4 Qh4 11. g3 Qh5 12. 0-0 g5 13. cxd5 gxf4 14. dxe6 Nxe5 15. Nxe4 fxe6 16. gxf4 Rxf4 17. Kh1 Kh8 18. Rg1 Nxd3 19. Qxd3 b6 20. Nc6 e5 21. Rg5 Ba6 22. Qg3 Qe2 23. f3 Qxf3+ 24. Qxf3 Rxf3 25. Nxb4 Bb7 26. Re1 a5 27. Nc2 Rf2 28. Na3 Rxb2 29. Kg1 Rg8 30. Rxg8+ Kxg8 31. Nc3 Rg2+ 32. Kf1 Rxh2 33. Rxe5 Rh3 34. Nab1 Kf7 35. Kf2 Bc6 36. Rf5+ Ke6 37. Rf8 Ke7 38. Rf5 Ke6 39. Rf8 Ke7 40. Rf5 Ke6 1/2-1/2

[Event "FICGS class M 000110 email"]
[Site "FICGS email"]
[Date "2022.10.14"]
[Round "1"]
[White "Duttagupta, Aniruddha"]
[Black "Swiatek, Janusz"]
[Result "1/2-1/2"]
[WhiteElo "2219"]
[BlackElo "2205"]
[PlyCount "56"]
[EventDate "2022.??.??"]
[EventType "tourn (corr)"]
[EventRounds "6"]
[SourceTitle "Corr 2024"]
[Source "ChessBase"]
[SourceDate "2023.10.19"]
[SourceVersion "1"]
[SourceVersionDate "2023.10.19"]
[SourceQuality "1"]

1. e4 e6 2. d4 d5 3. Nc3 Nf6 4. e5 Nfd7 5. f4 c5 6. Nf3 Nc6 7. Be3 cxd4 8. Nxd4 Qb6 9. Qd2 Qxb2 10. Rb1 Qa3 11. Bb5 Nxd4 12. Bxd4 a6 13. Bxd7+ Bxd7 14. Rb3 Qe7 15. Rxb7 Qd8 16. 0-0 Qc8 17. Rfb1 Bc5 18. f5 Bxd4+ 19. Qxd4 Bb5 20. Nxb5 axb5 21. R7xb5 0-0 22. R1b2 Qa6 23. f6 Qa7 24. Qxa7 Rxa7 25. Rb8 gxf6 26. exf6 Ra8 27. Rxf8+ Kxf8 28. a4 Ke8 1/2-1/2

[Event "FICGS class M 000102 email"]
[Site "FICGS email"]
[Date "2022.06.26"]
[Round "1"]
[White "Duttagupta, Aniruddha"]
[Black "Gounant, Stanislas"]
[Result "1/2-1/2"]
[WhiteElo "2235"]
[BlackElo "2215"]
[PlyCount "76"]
[EventDate "2022.??.??"]
[EventType "tourn (corr)"]
[EventRounds "6"]
[SourceTitle "Corr 2024"]
[Source "ChessBase"]
[SourceDate "2023.10.19"]
[SourceVersion "1"]
[SourceVersionDate "2023.10.19"]
[SourceQuality "1"]

1. e4 c6 2. d4 d5 3. f3 e6 4. Nc3 Bb4 5. Bd2 Ne7 6. a3 Ba5 7. Bd3 Nd7 8. f4 Bxc3 9. Bxc3 dxe4 10. Bxe4 Qc7 11. Qf3 b6 12. 0-0-0 Bb7 13. Qg3 0-0-0 14. Nh3 Nf6 15. Bd3 Nfd5 16. Bd2 Nf5 17. Bxf5 exf5 18. Qxg7 Qd7 19. Rhg1 Ba6 20. Nf2 Rhe8 21. Rde1 Be2 22. Qg3 Nc7 23. Be3 Bc4 24. Nd1 Nb5 25. Qf2 Kb7 26. Qd2 Nd6 27. Nc3 Bd5 28. b3 Qe7 29. Kb1 Ne4 30. Nxe4 Bxe4 31. Kb2 c5 32. c4 Qf6 33. Rd1 Bc6 34. Ka2 cxd4 35. Bxd4 Qh6 36. g3 Bf3 37. Rde1 Re4 38. Qf2 Rdxd4 1/2-1/2

[Event "FICGS class M 000101 email"]
[Site "FICGS email"]
[Date "2022.06.09"]
[Round "1"]
[White "Ligon, Scott"]
[Black "Duttagupta, Aniruddha"]
[Result "1-0"]
[WhiteElo "2298"]
[BlackElo "2235"]
[PlyCount "63"]
[EventDate "2022.??.??"]
[EventType "tourn (corr)"]
[EventRounds "6"]
[SourceTitle "Corr 2024"]
[Source "ChessBase"]
[SourceDate "2023.10.19"]
[SourceVersion "1"]
[SourceVersionDate "2023.10.19"]
[SourceQuality "1"]

1. c4 e5 2. Nc3 Nf6 3. Nf3 Nc6 4. g3 d5 5. cxd5 Nxd5 6. Bg2 Nb6 7. 0-0 Be7 8. d3 0-0 9. Be3 Be6 10. a3 a5 11. Bxb6 cxb6 12. Qa4 Rc8 13. Rac1 g6 14. e3 Qxd3 15. Rfd1 Qf5 16. h3 h5 17. Nh4 Qf6 18. Qb5 Bc5 19. Nf3 Qe7 20. h4 Na7 21. Qf1 f6 22. Nd2 Kg7 23. Nde4 Bb3 24. Nd5 Qf7 25. Nxc5 bxc5 26. Nb6 Bxd1 27. Nxc8 Nxc8 28. Rxd1 Qc7 29. Qd3 Rf7 30. Bh3 f5 31. Qc3 Nd6 32. Qxe5+ 1-0